[Event "Pardubice Czech op-E 34th"]
[Site "Pardubice"]
[Date "2023.07.16"]
[Round "6"]
[White "Studnicka, Tomas"]
[Black "Krizek, Krystof"]
[Result "1-0"]
[WhiteElo "2298"]
[BlackElo "1945"]
[PlyCount "125"]
[EventDate "2023.07.13"]
[EventType "team-swiss"]
[EventRounds "7"]
[EventCountry "CZE"]
[SourceTitle "CBM 215 Extra"]
[Source "ChessBase"]
[SourceDate "2023.09.30"]
[SourceVersion "1"]
[SourceVersionDate "2023.09.30"]
[SourceQuality "1"]
[WhiteTeam "Turnov Zikuda"]
[BlackTeam "Forza Brodies"]
[WhiteTeamCountry "CZE"]
[BlackTeamCountry "CZE"]

1. d4 Nf6 2. Nf3 e6 3. Bf4 d5 4. e3 Be7 5. Ne5 c5 6. c3 Qb6 7. Qc2 Nc6 8. Nd2 Bd7 9. Bd3 Rc8 10. Qb1 Nh5 11. Nxd7 Kxd7 12. Be5 f6 13. dxc5 Bxc5 14. Bd4 Bxd4 15. cxd4 g6 16. 0-0 Ng7 17. a3 a5 18. Qa2 Ke7 19. Nb3 Rhd8 20. Rfc1 e5 21. dxe5 fxe5 22. Nd2 Ne6 23. Be2 h5 24. Bd3 Kf6 25. Rab1 Ne7 26. Rxc8 Rxc8 27. b4 Rc3 28. Bf1 Qc7 29. Nf3 e4 30. Nd2 Rc2 31. Rb2 Rc1 32. bxa5 Qc3 33. Qb3 Qxa5 34. Qxb7 Qxa3 35. Qb3 Qc5 36. Qb6 Qc3 37. Qb3 Qe5 38. Rb1 Rc3 39. Qb8 Qxb8 40. Rxb8 Nc5 41. Rb1 Ke5 42. Rd1 Nf5 43. Be2 Nd6 44. h4 Rc2 45. Kf1 Na4 46. Nb3 Rb2 47. Nd4 Nc3 48. Rc1 Nf5 49. Rxc3 Nxd4 50. exd4+ Kxd4 51. Rc1 Ke5 52. Bd1 Rb6 53. Rc3 Rf6 54. Ke2 Ra6 55. Bb3 Rb6 56. Rg3 d4 57. Rg5+ Kf6 58. Bd1 Rb2+ 59. Ke1 Rb1 60. Rc5 Rb4 61. g3 Rb2 62. Bc2 e3 63. fxe3 1-0

[Event "CZE-chT2B 2223"]
[Site "Czech Republic"]
[Date "2023.02.19"]
[Round "9.1"]
[White "Lorenc, Tomas"]
[Black "Studnicka, Tomas"]
[Result "1-0"]
[WhiteElo "2180"]
[BlackElo "2306"]
[PlyCount "73"]
[EventDate "2022.10.16"]
[EventType "team-tourn"]
[EventRounds "11"]
[EventCountry "CZE"]
[SourceTitle "EXT 2024"]
[Source "ChessBase"]
[SourceDate "2023.10.10"]
[SourceVersion "1"]
[SourceVersionDate "2023.10.10"]
[SourceQuality "1"]
[WhiteTeam "Karlovy Vary"]
[BlackTeam "Kolesovice"]
[WhiteTeamCountry "CZE"]
[BlackTeamCountry "CZE"]

1. c4 c5 2. g3 Nc6 3. Bg2 g6 4. Nc3 Bg7 5. Nf3 e5 6. d3 Nge7 7. 0-0 0-0 8. a3 a5 9. Rb1 d6 10. Ne1 Be6 11. Nc2 Rb8 12. b4 b6 13. Bd2 axb4 14. axb4 Qd7 15. Ne4 Kh8 16. Ng5 Bg4 17. Ne3 h6 18. Nxg4 hxg5 19. Qa4 Qxg4 20. Bxc6 Qxe2 21. Bxg5 f6 22. Be3 Qxd3 23. bxc5 Nxc6 24. Qxc6 bxc5 25. Rbd1 Qxc4 26. Qxd6 Rbc8 27. Rc1 Qf7 28. Rxc5 f5 29. Rxc8 Rxc8 30. Ra1 Rc7 31. Qd8+ Kh7 32. Qh4+ Kg8 33. Ra8+ Bf8 34. Bh6 e4 35. Rxf8+ Qxf8 36. Bxf8 Kxf8 37. Qd8+ 1-0

[Event "Pardubice Czech op-E 33rd"]
[Site "Pardubice"]
[Date "2022.07.16"]
[Round "4.4"]
[White "Cozl, David"]
[Black "Studnicka, Tomas"]
[Result "0-1"]
[WhiteElo "1947"]
[BlackElo "2316"]
[PlyCount "70"]
[EventDate "2022.07.14"]
[EventType "team-swiss"]
[EventRounds "7"]
[EventCountry "CZE"]
[SourceTitle "CBM 209 Extra"]
[Source "ChessBase"]
[SourceDate "2022.09.30"]
[SourceVersion "1"]
[SourceVersionDate "2022.09.30"]
[SourceQuality "1"]
[WhiteTeam "Kolesovice Cesky Lev"]
[BlackTeam "Turnov Zikuda"]
[WhiteTeamCountry "CZE"]
[BlackTeamCountry "CZE"]

1. c4 c5 2. Nf3 Nc6 3. g3 Nf6 4. Bg2 d5 5. cxd5 Nxd5 6. 0-0 e5 7. Nc3 Nc7 8. d3 Be7 9. Bd2 0-0 10. Rc1 f6 11. Na4 Na6 12. Re1 Be6 13. Nc3 Qd7 14. Qa4 Rfd8 15. Be3 Bf8 16. Ne4 Qf7 17. Nxc5 Nxc5 18. Bxc5 Bxa2 19. Nd2 Bd5 20. Bxf8 Kxf8 21. Bxd5 Rxd5 22. Ne4 Kg8 23. Qc4 Rad8 24. b4 Nd4 25. Ra1 b6 26. Kf1 a5 27. Nc3 b5 28. Qa2 axb4 29. Nxd5 b3 30. Qa5 Qxd5 31. e4 Qd7 32. Red1 Qh3+ 33. Ke1 Rc8 34. Rab1 Qxh2 35. Rb2 Qg1+ 0-1

[Event "CZE-chT 2122"]
[Site "Czech Republic"]
[Date "2022.04.08"]
[Round "13.5"]
[White "Priehoda, Vitezslav"]
[Black "Studnicka, Tomas"]
[Result "1/2-1/2"]
[WhiteElo "2268"]
[BlackElo "2342"]
[PlyCount "32"]
[EventDate "2021.10.15"]
[EventType "team-tourn"]
[EventRounds "15"]
[EventCountry "CZE"]
[SourceTitle "EXT 2023"]
[Source "ChessBase"]
[SourceDate "2022.10.05"]
[SourceVersion "1"]
[SourceVersionDate "2022.10.05"]
[SourceQuality "1"]
[WhiteTeam "Lysa nad Labem"]
[BlackTeam "Turnov Zikuda"]
[WhiteTeamCountry "CSR"]
[BlackTeamCountry "CZE"]

1. d4 Nf6 2. c4 g6 3. Nc3 Bg7 4. e4 d6 5. Nf3 0-0 6. Be2 e5 7. 0-0 Nc6 8. d5 Ne7 9. Ne1 Ne8 10. Nd3 f5 11. exf5 gxf5 12. Bg5 h6 13. Bh4 Nf6 14. f4 e4 15. Ne1 Ng6 16. Bg3 c5 1/2-1/2

[Event "CZE-chT1W 2122"]
[Site "Czech Republic"]
[Date "2022.01.23"]
[Round "7.2"]
[White "Bernasek, Jan"]
[Black "Studnicka, Tomas"]
[Result "1-0"]
[WhiteElo "2498"]
[BlackElo "2342"]
[PlyCount "67"]
[EventDate "2021.10.10"]
[EventType "team-tourn"]
[EventRounds "11"]
[EventCountry "CZE"]
[SourceTitle "EXT 2023"]
[Source "ChessBase"]
[SourceDate "2022.10.05"]
[SourceVersion "1"]
[SourceVersionDate "2022.10.05"]
[SourceQuality "1"]
[WhiteTeam "Unichess"]
[BlackTeam "Ricany Betsys"]
[WhiteTeamCountry "CZE"]
[BlackTeamCountry "CZE"]

1. b3 d5 2. Bb2 Bf5 3. Nf3 e6 4. d3 h6 5. Nbd2 Nf6 6. h3 Bh7 7. g4 c5 8. Ne5 Nfd7 9. Nxd7 Qxd7 10. e4 d4 11. f4 Be7 12. Nf3 Nc6 13. Qe2 Bd8 14. Bc1 Ba5+ 15. Bd2 Qc7 16. Bxa5 Qxa5+ 17. Qd2 Nb4 18. Kf2 Qa3 19. Be2 a5 20. c3 Nc6 21. f5 a4 22. cxd4 cxd4 23. bxa4 Rxa4 24. Bd1 Rb4 25. Bb3 Bg8 26. Rab1 e5 27. Bd5 Rxb1 28. Rxb1 f6 29. Bxc6+ bxc6 30. Nh4 h5 31. Ng6 Rh6 32. Rb8+ Kf7 33. Qc2 Qc3 34. Rf8# 1-0

[Event "CZE-chT1W 2122"]
[Site "Czech Republic"]
[Date "2021.12.12"]
[Round "5.1"]
[White "Studnicka, Tomas"]
[Black "Havlik, Jan"]
[Result "1/2-1/2"]
[WhiteElo "2342"]
[BlackElo "2393"]
[PlyCount "51"]
[EventDate "2021.10.10"]
[EventType "team-tourn"]
[EventRounds "11"]
[EventCountry "CZE"]
[SourceTitle "EXT 2023"]
[Source "ChessBase"]
[SourceDate "2022.10.05"]
[SourceVersion "1"]
[SourceVersionDate "2022.10.05"]
[SourceQuality "1"]
[WhiteTeam "Ricany Betsys"]
[BlackTeam "Ceske Budejovice"]
[WhiteTeamCountry "CZE"]
[BlackTeamCountry "CZE"]

1. d4 Nf6 2. Bf4 g6 3. Nc3 Bg7 4. e4 d6 5. Qd2 h6 6. 0-0-0 c6 7. f3 a6 8. g4 Qa5 9. Bc4 c5 10. dxc5 Qxc5 11. Bb3 Nbd7 12. h4 b5 13. Be3 Qc7 14. Rh2 Bb7 15. Bd4 Nc5 16. g5 Nxb3+ 17. axb3 Nh5 18. Bxg7 Nxg7 19. gxh6 Ne6 20. Nh3 Rc8 21. Ng5 Nc5 22. b4 Nd7 23. Nd5 Bxd5 24. Qxd5 Qc4 25. h5 Qxd5 26. exd5 1/2-1/2

[Event "CZE-chT 2122"]
[Site "Czech Republic"]
[Date "2021.11.07"]
[Round "4.2"]
[White "Sharashenidze, Akaki"]
[Black "Studnicka, Tomas"]
[Result "1-0"]
[WhiteElo "2346"]
[BlackElo "2342"]
[PlyCount "141"]
[EventDate "2021.10.15"]
[EventType "team-tourn"]
[EventRounds "15"]
[EventCountry "CZE"]
[SourceTitle "EXT 2023"]
[Source "ChessBase"]
[SourceDate "2022.10.05"]
[SourceVersion "1"]
[SourceVersionDate "2022.10.05"]
[SourceQuality "1"]
[WhiteTeam "Ingem Line"]
[BlackTeam "Turnov Zikuda"]
[WhiteTeamCountry "CZE"]
[BlackTeamCountry "CZE"]

1. e4 e5 2. Nf3 Nf6 3. Nxe5 d6 4. Nf3 Nxe4 5. Nc3 Nxc3 6. dxc3 Be7 7. Be3 Nc6 8. Qd2 Ne5 9. 0-0-0 Nxf3 10. gxf3 Be6 11. Rg1 Bf6 12. Kb1 a6 13. Bd4 Qe7 14. Qf4 0-0-0 15. Rxg7 Be5 16. Qg5 Qf8 17. Bxe5 dxe5 18. Rxd8+ Qxd8 19. Qxd8+ Kxd8 20. Bd3 h6 21. Kc1 Ke7 22. Kd2 Kf6 23. Rg1 a5 24. a3 Rd8 25. Ke3 Bf5 26. Rd1 Kg5 27. Rg1+ Kf6 28. Be4 b6 29. b4 Bxe4 30. fxe4 Ra8 31. Rd1 axb4 32. axb4 Ke7 33. Rg1 Kf6 34. Rf1 Kg6 35. Rg1+ Kf6 36. Rf1 Kg6 37. Rd1 Ra3 38. Rd3 Kf6 39. Kd2 Ke7 40. Rh3 Ra1 41. Rxh6 Rf1 42. Ke3 Rc1 43. Rc6 Kd7 44. b5 Rh1 45. Rh6 Rc1 46. Kf3 Rxc2 47. Rc6 Rb2 48. c4 Rb1 49. Kg2 Re1 50. f3 Re2+ 51. Kg3 Re1 52. h4 Rh1 53. Kg4 Rg1+ 54. Kf5 Rh1 55. Kg4 Rg1+ 56. Kh3 Rh1+ 57. Kg3 Kd8 58. c5 bxc5 59. Rxc5 f6 60. Rc6 Rb1 61. Rxf6 Rxb5 62. h5 Kd7 63. h6 Rb1 64. Kg4 c5 65. Kf5 c4 66. Kxe5 c3 67. h7 Rh1 68. Rd6+ Ke7 69. Rc6 Kd7 70. Rxc3 Rxh7 71. f4 1-0

[Event "Pardubice Czech op-E 32nd"]
[Site "Pardubice"]
[Date "2021.07.16"]
[Round "3.4"]
[White "Kalousek, Zdenek"]
[Black "Studnicka, Tomas"]
[Result "1-0"]
[WhiteElo "2013"]
[BlackElo "2351"]
[PlyCount "129"]
[EventDate "2021.07.15"]
[EventType "team-swiss"]
[EventRounds "7"]
[EventCountry "CZE"]
[SourceTitle "CBM 203 Extra"]
[Source "ChessBase"]
[SourceDate "2021.09.30"]
[SourceVersion "1"]
[SourceVersionDate "2021.09.30"]
[SourceQuality "1"]
[WhiteTeam "Tietz Karlovarsky"]
[BlackTeam "Turnov Zikuda"]
[WhiteTeamCountry "CZE"]
[BlackTeamCountry "CZE"]

1. c4 c5 2. Nc3 Nc6 3. Nf3 g6 4. e3 Nf6 5. d4 cxd4 6. exd4 d5 7. cxd5 Nxd5 8. Be2 Bg7 9. 0-0 0-0 10. h3 Be6 11. Be3 Rc8 12. Qd2 Na5 13. Nxd5 Bxd5 14. b3 Nc6 15. Rfd1 Qd6 16. Rac1 Qa3 17. Ne1 Nb4 18. Nc2 Nxc2 19. Rxc2 Rfd8 20. Qc1 Qxc1 21. Rdxc1 Rxc2 22. Rxc2 e6 23. Rc7 Bf6 24. Bf3 Bxf3 25. gxf3 Bxd4 26. Bxd4 Rxd4 27. Rxb7 a5 28. Ra7 Rd5 29. f4 h6 30. Kg2 Kg7 31. h4 Kf6 32. Kg3 Rf5 33. f3 Kg7 34. Kg4 Kf8 35. Kg3 Ke8 36. Kg4 Kf8 37. Kg3 Kg7 38. Kg4 Kf6 39. Kg3 g5 40. fxg5+ hxg5 41. hxg5+ Kxg5 42. f4+ Kh5 43. a4 Kg6 44. Kg4 Rd5 45. Rb7 Rd3 46. Rb5 f5+ 47. Kh4 Rf3 48. Rxa5 Rxf4+ 49. Kg3 Rd4 50. Rb5 Kg5 51. a5 Rd3+ 52. Kf2 Rd2+ 53. Kf3 Ra2 54. Rb6 e5 55. a6 Ra3 56. Kf2 Kf4 57. Rb4+ e4 58. Ra4 Rxb3 59. a7 Rb2+ 60. Ke1 Rb1+ 61. Kd2 Rb2+ 62. Kc3 Re2 63. a8Q Kf3 64. Kd4 Rd2+ 65. Ke5 1-0

[Event "CZE-ch Betsys Online Blitz"]
[Site "Chess.com INT"]
[Date "2021.04.17"]
[Round "7"]
[White "Studnicka, Tomas"]
[Black "Havlik, Jan"]
[Result "1/2-1/2"]
[WhiteElo "2351"]
[BlackElo "2393"]
[PlyCount "91"]
[EventDate "2021.04.17"]
[EventType "swiss (blitz)"]
[EventRounds "13"]
[EventCountry "CZE"]
[SourceTitle "CBM 201 Extra"]
[Source "ChessBase"]
[SourceDate "2021.05.31"]
[SourceVersion "1"]
[SourceVersionDate "2021.05.31"]
[SourceQuality "1"]

1. d4 Nf6 2. Nf3 g6 3. c4 Bg7 4. Nc3 d6 5. e4 0-0 6. Be2 e5 7. Be3 Ng4 8. Bg5 f6 9. Bh4 g5 10. Bg3 Nh6 11. Qd2 Nc6 12. d5 Ne7 13. h3 Nf7 14. Nh2 Ng6 15. 0-0-0 Nf4 16. Rhg1 f5 17. exf5 Bxf5 18. Bxf4 exf4 19. Bd3 Bxd3 20. Qxd3 Ne5 21. Qe2 b5 22. cxb5 a6 23. bxa6 Qc8 24. Nf3 Rxa6 25. Nxg5 Re8 26. Qh5 h6 27. Ne6 Rxe6 28. dxe6 Qxe6 29. Qe2 Rxa2 30. Nxa2 Qxa2 31. Qc2 Nc4 32. Rd3 Qa1+ 33. Qb1 Bxb2+ 34. Kc2 Qa4+ 35. Rb3 Na3+ 36. Kxb2 Nxb1 37. Rxb1 Qd4+ 38. Ka2 Qxf2+ 39. R1b2 Qa7+ 40. Ra3 Qc5 41. Rf3 Qc4+ 42. Kb1 d5 43. Rbf2 Qb4+ 44. Kc1 Qc4+ 45. Kd1 Qa4+ 46. Kc1 1/2-1/2

[Event "CZE-ch Betsys Online Blitz"]
[Site "Chess.com INT"]
[Date "2021.04.17"]
[Round "3"]
[White "Studnicka, Tomas"]
[Black "Zwardon, Vojtech"]
[Result "1/2-1/2"]
[WhiteElo "2351"]
[BlackElo "2466"]
[PlyCount "128"]
[EventDate "2021.04.17"]
[EventType "swiss (blitz)"]
[EventRounds "13"]
[EventCountry "CZE"]
[SourceTitle "CBM 201 Extra"]
[Source "ChessBase"]
[SourceDate "2021.05.31"]
[SourceVersion "1"]
[SourceVersionDate "2021.05.31"]
[SourceQuality "1"]

1. d4 Nf6 2. Nf3 e6 3. Bf4 c5 4. e3 Nc6 5. Nbd2 d5 6. c3 Bd6 7. Bg3 0-0 8. Bd3 b6 9. e4 dxe4 10. Nxe4 Nxe4 11. Bxe4 Bb7 12. dxc5 Bxc5 13. Qa4 Rc8 14. 0-0 f5 15. Rad1 Qf6 16. Bb1 Rf7 17. Bd6 Bxd6 18. Rxd6 Ne5 19. Nxe5 Qxe5 20. Rfd1 Bd5 21. Rd7 Rxd7 22. Qxd7 Qc7 23. Qxc7 Rxc7 24. Bxf5 Bxa2 25. Be4 g6 26. f4 Kg7 27. g3 Kf6 28. Kf2 b5 29. Ke3 Bc4 30. Ra1 h6 31. Ra6 Kf7 32. b4 Kf6 33. Kd4 Kf7 34. Ke5 Bb3 35. h4 h5 36. Kd4 Bc4 37. Rc6 Rd7+ 38. Ke3 Bd5 39. Ra6 Bc4 40. Rc6 Kf6 41. Ra6 Rd1 42. Rxa7 Rg1 43. Kf2 Rc1 44. Ra8 Rxc3 45. Rg8 Bd3 46. Rxg6+ Kf7 47. Bxd3 Rxd3 48. Rg5 Rd2+ 49. Ke3 Rg2 50. Kf3 Rb2 51. Rxb5 Rb3+ 52. Kg2 Kg6 53. Kh3 Rb2 54. Rb6 Kf6 55. b5 Rb3 56. Rb7 Kf5 57. b6 Ke4 58. Re7 Rxb6 59. Rh7 Kf3 60. Rxh5 Rb1 61. Kh2 Rb2+ 62. Kh3 Rb1 63. Kh2 Rb2+ 64. Kh3 Rb1 1/2-1/2

[Event "World Corporate East E"]
[Site "Chess.com INT"]
[Date "2021.02.19"]
[Round "3.1"]
[White "Wong, Jianwen"]
[Black "Studnicka, Tomas"]
[Result "1/2-1/2"]
[WhiteElo "2313"]
[BlackElo "2351"]
[PlyCount "153"]
[EventDate "2021.02.19"]
[EventType "team (rapid)"]
[EventRounds "7"]
[EventCountry "USA"]
[SourceTitle "EXT 2022"]
[Source "ChessBase"]
[SourceDate "2021.10.06"]
[SourceVersion "1"]
[SourceVersionDate "2021.10.06"]
[SourceQuality "1"]
[WhiteTeam "BCG Gamma"]
[BlackTeam "CSOB"]
[WhiteTeamCountry "FRA"]
[BlackTeamCountry "CZE"]

1. c4 c5 2. g3 Nc6 3. Bg2 g6 4. Nc3 Bg7 5. e4 d6 6. Nge2 Be6 7. d3 Qc8 8. Nd5 Rb8 9. a4 Nd4 10. 0-0 Bh3 11. Nxd4 Bxg2 12. Kxg2 Bxd4 13. Rb1 h5 14. Be3 h4 15. Bxd4 cxd4 16. Kg1 e6 17. Nf4 Nf6 18. Qf3 Nd7 19. Ne2 Qc5 20. b4 Qe5 21. Qg2 hxg3 22. fxg3 Ke7 23. Qf2 Rh7 24. Nxd4 Rbh8 25. Nf3 Qh5 26. c5 g5 27. cxd6+ Kxd6 28. Qd4+ Ke7 29. Rf2 g4 30. Nh4 Qe5 31. Qxe5 Nxe5 32. d4 Nc6 33. d5 Ne5 34. dxe6 Kxe6 35. Rbf1 Rd8 36. Rf6+ Ke7 37. R6f5 Ke6 38. Rf6+ Ke7 39. R6f5 Nc6 40. b5 Nd4 41. Re5+ Kf8 42. Rd5 Rxd5 43. exd5 Rh5 44. Ng6+ Ke8 45. Nf4 Rh6 46. Kg2 Kd7 47. Rd1 Nc2 48. Rd2 Ne3+ 49. Kg1 Kd6 50. Re2 Nc4 51. Re8 Kc5 52. Ra8 a6 53. bxa6 bxa6 54. Rc8+ Kb4 55. a5 Nxa5 56. Rb8+ Kc5 57. Kg2 Nc4 58. h4 gxh3+ 59. Nxh3 a5 60. Nf4 a4 61. Rc8+ Kd4 62. Kf3 a3 63. Ra8 Kc3 64. g4 Kb2 65. g5 Rb6 66. Nd3+ Kb1 67. Ke4 a2 68. Kd4 Nb2 69. Nxb2 Rxb2 70. d6 a1Q 71. Rxa1+ Kxa1 72. Ke5 Rb5+ 73. Kf6 Rd5 74. Ke7 Rxg5 75. Kxf7 Rd5 76. Ke6 Rxd6+ 77. Kxd6 1/2-1/2

[Event "CZE-chT1W 1920"]
[Site "Czech Republic"]
[Date "2020.06.13"]
[Round "10.4"]
[White "Studnicka, Tomas"]
[Black "Priehoda, Vitezslav"]
[Result "1/2-1/2"]
[WhiteElo "2341"]
[BlackElo "2344"]
[PlyCount "70"]
[EventDate "2019.10.20"]
[EventType "team-tourn"]
[EventRounds "11"]
[EventCountry "CZE"]
[SourceTitle "EXT 2021"]
[Source "ChessBase"]
[SourceDate "2020.10.23"]
[SourceVersion "1"]
[SourceVersionDate "2020.10.23"]
[SourceQuality "1"]
[WhiteTeam "Turnov Zikuda II"]
[BlackTeam "Lysa nad Labem III"]
[WhiteTeamCountry "CZE"]
[BlackTeamCountry "CZE"]

1. d4 Nf6 2. Bf4 e6 3. e3 c5 4. c3 d5 5. Nd2 Nc6 6. Ngf3 Bd6 7. Bg3 0-0 8. Bd3 b6 9. e4 Be7 10. e5 Nh5 11. a3 g6 12. b4 Bd7 13. 0-0 Nxg3 14. hxg3 Rc8 15. Rc1 Nb8 16. Be2 Qe8 17. Qb3 Ba4 18. Qb2 c4 19. Nh2 Nc6 20. f4 a5 21. g4 axb4 22. axb4 f6 23. exf6 Rxf6 24. g5 Rf8 25. Ng4 Qd7 26. g3 Qc7 27. Nf3 Bd6 28. Nfe5 Bxe5 29. fxe5 Kg7 30. Nf6 Nxe5 31. dxe5 Qxe5 32. Qd2 Qxg3+ 33. Kh1 Qh3+ 34. Kg1 Qg3+ 35. Kh1 Qh3+ 1/2-1/2

[Event "CZE-chT1W 1920"]
[Site "Czech Republic"]
[Date "2020.01.05"]
[Round "5.4"]
[White "Studnicka, Tomas"]
[Black "Simek, Petr1111"]
[Result "0-1"]
[WhiteElo "2341"]
[BlackElo "2294"]
[PlyCount "48"]
[EventDate "2019.10.20"]
[EventType "team-tourn"]
[EventRounds "11"]
[EventCountry "CZE"]
[SourceTitle "CBM 194 Extra"]
[Source "ChessBase"]
[SourceDate "2020.03.31"]
[SourceVersion "1"]
[SourceVersionDate "2020.03.31"]
[SourceQuality "1"]
[WhiteTeam "Turnov Zikuda II"]
[BlackTeam "Unichess"]
[WhiteTeamCountry "CZE"]
[BlackTeamCountry "CZE"]

1. d4 Nf6 2. Bf4 b6 3. e3 Bb7 4. Nf3 Nh5 5. Bg5 h6 6. Bh4 g5 7. Bg3 Nxg3 8. hxg3 Bg7 9. Nbd2 d6 10. Bc4 e6 11. Rh2 Nd7 12. Qe2 a6 13. c3 Qe7 14. Bd3 c5 15. 0-0-0 b5 16. Bc2 d5 17. e4 cxd4 18. Nxd4 b4 19. N2b3 bxc3 20. bxc3 Qa3+ 21. Kb1 Nb6 22. Nb5 axb5 23. Qxb5+ Nd7 24. Qxb7 Bxc3 0-1

[Event "CZE-chT1W 1920"]
[Site "Czech Republic"]
[Date "2019.11.24"]
[Round "3.3"]
[White "Docekal, Jan"]
[Black "Studnicka, Tomas"]
[Result "0-1"]
[WhiteElo "2302"]
[BlackElo "2341"]
[PlyCount "120"]
[EventDate "2019.10.20"]
[EventType "team-tourn"]
[EventRounds "11"]
[EventCountry "CZE"]
[SourceTitle "CBM 193 Extra"]
[Source "ChessBase"]
[SourceDate "2020.01.31"]
[SourceVersion "1"]
[SourceVersionDate "2020.01.31"]
[SourceQuality "1"]
[WhiteTeam "Vysehrad"]
[BlackTeam "Turnov Zikuda II"]
[WhiteTeamCountry "CZE"]
[BlackTeamCountry "CZE"]

1. e4 c5 2. Nf3 g6 3. c4 Bg7 4. d4 cxd4 5. Nxd4 Nc6 6. Be3 Nf6 7. Nc3 Ng4 8. Qxg4 Nxd4 9. Qd1 Ne6 10. Rc1 0-0 11. Be2 b6 12. 0-0 Bb7 13. f3 f5 14. exf5 gxf5 15. c5 bxc5 16. Bc4 Rc8 17. Qb3 Qb6 18. Qxb6 axb6 19. Rfd1 Bc6 20. Nd5 Bxb2 21. Rb1 Bxd5 22. Rxd5 Bd4 23. Bf2 Rc6 24. Rxd7 Kf7 25. Re1 Bxf2+ 26. Kxf2 Re8 27. Bb5 Rcc8 28. Bc4 Rc6 29. Rd2 Rg8 30. Bb5 Rd6 31. Rxd6 exd6 32. Bc4 Re8 33. Rb1 Kf6 34. Rxb6 Ke5 35. Rb1 Kd4 36. Bb5 Ra8 37. a4 c4 38. Ke2 Nf4+ 39. Kd2 Nxg2 40. Rg1 Ne3 41. Rg7 c3+ 42. Ke2 Rc8 43. Rg1 c2 44. Kd2 Nd1 45. Kc1 Nc3 46. Kb2 Nxb5 47. axb5 Kd3 48. f4 Rc5 49. Kc1 Rxb5 50. Rg3+ Ke4 51. Kxc2 Kxf4 52. Rh3 Rd5 53. Rxh7 Kg4 54. Rg7+ Kh3 55. Rg5 Kh4 56. Rg1 f4 57. Kc3 f3 58. Kc4 Rf5 59. Kd3 f2 60. Rf1 Kh3 0-1

[Event "CZE-chT 1920"]
[Site "Czech Republic"]
[Date "2019.10.13"]
[Round "2.3"]
[White "Rabatin, Jakub"]
[Black "Studnicka, Tomas"]
[Result "1/2-1/2"]
[WhiteElo "2303"]
[BlackElo "2341"]
[PlyCount "98"]
[EventDate "2019.10.12"]
[EventType "team-tourn"]
[EventRounds "11"]
[EventCountry "CZE"]
[SourceTitle "EXT 2020"]
[Source "ChessBase"]
[SourceDate "2019.10.17"]
[SourceVersion "1"]
[SourceVersionDate "2019.10.17"]
[SourceQuality "1"]
[WhiteTeam "Frydek Mistek"]
[BlackTeam "Turnov Zikuda"]
[WhiteTeamCountry "CZE"]
[BlackTeamCountry "CZE"]

1. e4 c5 2. Nf3 Nc6 3. d4 cxd4 4. Nxd4 g6 5. Nc3 Bg7 6. Be3 Nf6 7. Bc4 Qa5 8. 0-0 d6 9. h3 0-0 10. Bb3 Qh5 11. f4 Bd7 12. Qf3 a6 13. Rae1 Rad8 14. Nxc6 Bxc6 15. g4 Qa5 16. Nd5 Nxd5 17. exd5 Ba4 18. c3 Bxb3 19. axb3 Qb5 20. Bc1 Rde8 21. b4 e6 22. dxe6 fxe6 23. Qe2 Qc6 24. Qg2 d5 25. Be3 Qc4 26. Rd1 Rf7 27. Bd4 Ref8 28. Bc5 Re8 29. Bd4 Bxd4+ 30. Rxd4 Qc7 31. Qe2 Qd6 32. Qe3 e5 33. fxe5 Rxe5 34. Qd2 Ree7 35. Rdf4 Rxf4 36. Qxf4 Qxf4 37. Rxf4 Re2 38. Rf2 Re3 39. Rd2 Rxh3 40. Kg2 Re3 41. Rxd5 Re2+ 42. Kf3 Rxb2 43. Rd8+ Kg7 44. Rd7+ Kh6 45. Rxb7 a5 46. Kf4 Rf2+ 47. Kg3 Rb2 48. Kh4 Rh2+ 49. Kg3 Rb2 1/2-1/2

[Event "Pardubice Czech op-E 30th"]
[Site "Pardubice"]
[Date "2019.07.12"]
[Round "2.1"]
[White "Kupka, Frantisek"]
[Black "Studnicka, Tomas"]
[Result "0-1"]
[WhiteElo "2112"]
[BlackElo "2331"]
[PlyCount "70"]
[EventDate "2019.07.11"]
[EventType "team-swiss"]
[EventRounds "7"]
[EventCountry "CZE"]
[SourceTitle "EXT 2020"]
[Source "ChessBase"]
[SourceDate "2019.10.17"]
[SourceVersion "1"]
[SourceVersionDate "2019.10.17"]
[SourceQuality "1"]
[WhiteTeam "Line"]
[BlackTeam "Turnov Zikuda"]
[WhiteTeamCountry "CZE"]
[BlackTeamCountry "CZE"]

1. Nf3 c5 2. c4 Nc6 3. d4 cxd4 4. Nxd4 Qb6 5. Nc2 g6 6. Nc3 Bg7 7. Bd2 Nf6 8. e4 0-0 9. Be2 e6 10. 0-0 Rd8 11. Rb1 d5 12. exd5 exd5 13. Nxd5 Nxd5 14. cxd5 Rxd5 15. Ne3 Rd8 16. Qc1 Be6 17. Bc4 Ne5 18. Bxe6 Qxe6 19. Bc3 Qxa2 20. Qc2 Qe6 21. Rfd1 Nc4 22. Re1 Rac8 23. Qb3 b6 24. Bxg7 Kxg7 25. Nxc4 Qxc4 26. Qxc4 Rxc4 27. g3 Rd2 28. Re7 a5 29. b3 Rb4 30. Re3 a4 31. Kg2 a3 32. h4 Rb5 33. b4 a2 34. Ra1 Rxb4 35. Ra3 Rbb2 0-1

[Event "CZE-chT1W 1819"]
[Site "Czech Republic"]
[Date "2019.01.20"]
[Round "6.4"]
[White "Plischki, Sebastian"]
[Black "Studnicka, Tomas"]
[Result "1/2-1/2"]
[WhiteElo "2430"]
[BlackElo "2303"]
[PlyCount "120"]
[EventDate "2018.10.21"]
[EventType "team-tourn"]
[EventRounds "11"]
[EventCountry "CZE"]
[SourceTitle "CBM 188 Extra"]
[Source "ChessBase"]
[SourceDate "2019.02.26"]
[SourceVersion "1"]
[SourceVersionDate "2019.02.26"]
[SourceQuality "1"]
[WhiteTeam "Praha DP Tarok"]
[BlackTeam "Turnov Zikuda II"]
[WhiteTeamCountry "CZE"]
[BlackTeamCountry "CZE"]

1. d4 Nf6 2. Bg5 e6 3. e4 h6 4. Bxf6 Qxf6 5. c3 d6 6. Bd3 e5 7. Ne2 g6 8. 0-0 Bg7 9. f4 Qe7 10. Nd2 0-0 11. Qe1 exd4 12. Nxd4 c5 13. N4f3 Nc6 14. Qg3 a6 15. Nc4 b5 16. Nb6 Rb8 17. Nd5 Qa7 18. Kh1 Be6 19. f5 Bxd5 20. exd5 Ne5 21. Nxe5 Bxe5 22. Qh4 g5 23. Qxh6 f6 24. Qg6+ Qg7 25. Rf3 Qxg6 26. fxg6 Kg7 27. a3 g4 28. Re3 f5 29. h3 c4 30. Bc2 f4 31. Rxe5 dxe5 32. hxg4 f3 33. Bf5 f2 34. g3 Rbd8 35. Rf1 Rxd5 36. Rxf2 Rfd8 37. Bc2 Rd2 38. Rf7+ Kg8 39. Bf5 Rxb2 40. Be6 Rd6 41. Rf2+ Rxe6 42. Rxb2 e4 43. Kg2 Rd6 44. a4 bxa4 45. Ra2 Rd3 46. Rxa4 Rxc3 47. Kf2 Kg7 48. Rxa6 Rf3+ 49. Ke2 Rxg3 50. Rc6 c3 51. Rc4 Rg2+ 52. Kd1 Rxg4 53. Rxc3 Kxg6 54. Rc5 Rg5 55. Rxg5+ Kxg5 56. Ke2 Kf4 57. Kf2 e3+ 58. Ke1 Kf3 59. Kf1 e2+ 60. Ke1 Ke3 1/2-1/2

[Event "CZE-chT 1819"]
[Site "Czech Republic"]
[Date "2019.01.13"]
[Round "6.1"]
[White "Studnicka, Tomas"]
[Black "Pokorny, Petr"]
[Result "1/2-1/2"]
[WhiteElo "2303"]
[BlackElo "2211"]
[PlyCount "60"]
[EventDate "2018.11.03"]
[EventType "team-tourn"]
[EventRounds "11"]
[EventCountry "CZE"]
[SourceTitle "CBM 188 Extra"]
[Source "ChessBase"]
[SourceDate "2019.02.26"]
[SourceVersion "1"]
[SourceVersionDate "2019.02.26"]
[SourceQuality "1"]
[WhiteTeam "Turnov Zikuda"]
[BlackTeam "Unichess II"]
[WhiteTeamCountry "CZE"]
[BlackTeamCountry "CZE"]

1. Nf3 d5 2. d4 c6 3. Bg5 h6 4. Bh4 Qb6 5. b3 Bf5 6. e3 Nd7 7. Bd3 Bxd3 8. Qxd3 e6 9. 0-0 Be7 10. Bxe7 Nxe7 11. Nbd2 Nf6 12. c4 0-0 13. Rab1 a5 14. Rfc1 Qa6 15. Ne5 Rac8 16. a3 b6 17. b4 Rfd8 18. cxd5 Qxd3 19. Nxd3 cxd5 20. bxa5 bxa5 21. Kf1 Rxc1+ 22. Rxc1 Rc8 23. Rc5 Rxc5 24. Nxc5 Nc6 25. Ndb3 Ne8 26. Nb7 Nc7 27. N3c5 Kf8 28. Ke2 Ke7 29. Kd3 Nb5 30. a4 Nd6 1/2-1/2